Bidding behavior in treasury bill auctions evidence from Pakistan
Uložené v:
| Hlavný autor: | |
|---|---|
| Médium: | Kniha |
| Jazyk: | English |
| Vydavateľské údaje: |
Washington
International Monetary Fund
2000
|
| Edícia: | IMF Working Paper
WP/00/111 |
| Predmet: | |
| Tagy: |
Žiadne tagy, Buďte prvý, kto otaguje tento záznam!
|
MARC
| LEADER | 00000nam a2200000 4500 | ||
|---|---|---|---|
| 001 | c124310 | ||
| 005 | 20221221081706.2 | ||
| 041 | 0 | |a eng | |
| 044 | |a US | ||
| 245 | 1 | 0 | |a Bidding behavior in treasury bill auctions |b evidence from Pakistan |c Daniel C. Hardy |
| 264 | 1 | |a Washington |b International Monetary Fund |c 2000 | |
| 300 | |a 30 s. | ||
| 490 | 1 | |a IMF Working Paper |v WP/00/111 | |
| 830 | 0 | |a IMF Working Paper |v WP/00/111 | |
| 610 | 2 | 0 | |a aukcie |
| 610 | 2 | 0 | |a ponuka |
| 610 | 2 | 0 | |a správanie |
| 610 | 2 | 0 | |a Pakistan |
| 610 | 2 | 0 | |a poukážky pokladničné |
| 610 | 2 | 0 | |a dlhopisy štátne |
| 100 | 1 | |a Hardy, Daniel C. | |